Sexuelle Gewalt an Kindern und Jugendlichen in Institutionen

Saved in:  
Bibliographic Details
Main Author: Hofmeister, Jasmin (Adapter, Other)
Corporate Author: Bundesarbeitsgemeinschaft der Kinderschutz-Zentren (Other)
Contributors: Theißen, Klaus
Format: Print Book
Language:German
Published: Köln Bundesarbeitsgemeinschaft der Kinderschutz-Zentren, die Kinderschutz-Zentren 2011
In:Year: 2011
Online Access: Table of Contents
Availability in Tübingen:Present in Tübingen.
IFK: E XI 190
Check availability: HBZ Gateway
Subito Delivery Service: Order now.
Keywords:

MARC

LEADER 00000cam a2200000 c 4500
001 666229031
003 DE-627
005 20260206204406.0
007 tu
008 110817s2011 gw ||||| 00| ||ger c
015 |a 11,N33  |2 dnb 
015 |a 11,B37  |2 dnb 
016 7 |a 1014176786  |2 DE-101 
020 |a 9783981304374  |c kart. : EUR 14.95 (DE)  |9 978-3-9813043-7-4 
024 3 |a 9783981304374 
035 |a (DE-627)666229031 
035 |a (DE-603)274772221 
035 |a (DE-576)348874049 
035 |a (DE-599)DNB1014176786 
035 |a (OCoLC)752937455 
035 |a (OCoLC)752937455 
040 |a DE-627  |b ger  |c DE-627  |e rakwb 
041 |a ger 
044 |c XA-DE-NW 
082 0 |a 362.7653  |q BSZ 
082 0 4 |a 360  |q DNB 
084 |a 5,3  |2 ssgn 
084 |a DS 7170  |q OBV  |2 rvk  |0 (DE-625)rvk/19961: 
084 |a DS 5100  |2 rvk  |0 (DE-625)rvk/19943: 
084 |a DS 7100  |2 rvk  |0 (DE-625)rvk/19957: 
084 |a MS 2880  |2 rvk  |0 (DE-625)rvk/123649: 
090 |a a 
245 0 0 |a Sexuelle Gewalt an Kindern und Jugendlichen in Institutionen  |c Die Kinderschutz-Zentren. [Hrsg. Bundesarbeitsgemeinschaft der Kinderschutz-Zentren e.V., Die Kinderschutz-Zentren. Red. Jasmin Hofmeister; Arthur Kröhnert (verantw.)] 
264 1 |a Köln  |b Bundesarbeitsgemeinschaft der Kinderschutz-Zentren, die Kinderschutz-Zentren  |c 2011 
300 |a 255 S.  |b Ill  |c 21 cm 
336 |a Text  |b txt  |2 rdacontent 
337 |a ohne Hilfsmittel zu benutzen  |b n  |2 rdamedia 
338 |a Band  |b nc  |2 rdacarrier 
490 0 |a Bücher / Die Kinderschutz-Zentren 
500 |a Literaturangaben 
583 1 |a Archivierung prüfen  |c 20240324  |f DE-4165  |z 2  |2 pdager 
650 2 |a Child Abuse, Sexual 
650 2 |a Child, Institutionalized 
650 0 7 |0 (DE-588)4126865-9  |0 (DE-627)105729094  |0 (DE-576)20958873X  |a Sexueller Missbrauch  |2 gnd 
650 0 7 |0 (DE-588)4316405-5  |0 (DE-627)36818305X  |0 (DE-576)21118263X  |a Psychoterror  |2 gnd 
650 0 7 |0 (DE-588)4030550-8  |0 (DE-627)104360100  |0 (DE-576)208988165  |a Kind  |2 gnd 
650 0 7 |0 (DE-588)4113393-6  |0 (DE-627)105829781  |0 (DE-576)209476117  |a Einrichtung  |2 gnd 
650 0 7 |0 (DE-588)4028859-6  |0 (DE-627)104419199  |0 (DE-576)208979859  |a Jugend  |2 gnd 
650 0 7 |0 (DE-588)4028935-7  |0 (DE-627)106276441  |0 (DE-576)20898013X  |a Jugendschutz  |2 gnd 
653 |a Book 
655 7 |a Aufsatzsammlung  |0 (DE-588)4143413-4  |0 (DE-627)105605727  |0 (DE-576)209726091  |2 gnd-content 
689 0 0 |d s  |0 (DE-588)4028935-7  |0 (DE-627)106276441  |0 (DE-576)20898013X  |a Jugendschutz  |2 gnd 
689 0 1 |d s  |0 (DE-588)4126865-9  |0 (DE-627)105729094  |0 (DE-576)20958873X  |a Sexueller Missbrauch  |2 gnd 
689 0 2 |d s  |0 (DE-588)4143413-4  |0 (DE-627)105605727  |0 (DE-576)209726091  |a Aufsatzsammlung  |2 gnd 
689 0 |5 (DE-627) 
700 1 |8 1\p  |a Hofmeister, Jasmin  |e Red.  |0 (DE-588)1119100992  |0 (DE-627)872386988  |0 (DE-576)479705135  |4 adp 
700 1 |a Theißen, Klaus  |4 oth 
710 2 |a Bundesarbeitsgemeinschaft der Kinderschutz-Zentren  |0 (DE-588)3019099-X  |0 (DE-627)132117339  |0 (DE-576)194658198  |4 oth 
856 4 2 |u http://d-nb.info/1014176786/04  |m B:DE-101  |q application/pdf  |x Verlag  |3 Inhaltsverzeichnis  |7 1 
883 |8 1\p  |a cgwrk  |d 20241001  |q DE-101  |u https://d-nb.info/provenance/plan#cgwrk 
935 |i sf 
935 |i Blocktest 
936 r v |a DS 7170  |b Betreuung verwahrloster Jugendlicher, Resozialisierung Jugendlicher, Betreuung sexuell missbrauchter Jugendlicher und Kinder  |k Pädagogik  |k Sozialpädagogik, Sozialarbeit  |k Berufsfelder  |k Jugendhilfe  |k Betreuung verwahrloster Jugendlicher, Resozialisierung Jugendlicher, Betreuung sexuell missbrauchter Jugendlicher und Kinder  |0 (DE-627)1270710265  |0 (DE-625)rvk/19961:  |0 (DE-576)200710265 
936 r v |a DS 5100  |b Arbeit mit Einzelnen  |k Pädagogik  |k Sozialpädagogik, Sozialarbeit  |k Methoden und Arbeitsformen  |k Arbeit mit Einzelnen  |0 (DE-627)1270784323  |0 (DE-625)rvk/19943:  |0 (DE-576)200784323 
936 r v |a DS 7100  |b Allgemeines  |k Pädagogik  |k Sozialpädagogik, Sozialarbeit  |k Berufsfelder  |k Jugendhilfe  |k Allgemeines  |0 (DE-627)1544333102  |0 (DE-625)rvk/19957:  |0 (DE-576)474333108 
936 r v |a MS 2880  |b Sexuierte Praktiken (Prostitution, Pornographie, auch abweichendes Sexualverhalten, etc.)  |k Soziologie  |k Spezielle Soziologien  |k Soziologische Geschlechterforschung (Gender Studies)  |k Sexuierte Praktiken (Prostitution, Pornographie, auch abweichendes Sexualverhalten, etc.)  |0 (DE-627)1271304899  |0 (DE-625)rvk/123649:  |0 (DE-576)201304899 
936 s n |a d100  |2 mzub 
936 s n |a m200  |2 mzub 
951 |a BO 
ELC |b 1 
LOK |0 000 xxxxxcx a22 zn 4500 
LOK |0 001 3165998574 
LOK |0 003 DE-627 
LOK |0 004 666229031 
LOK |0 005 20111206085350 
LOK |0 008 111206||||||||||||||||ger||||||| 
LOK |0 040   |a DE-21-110  |c DE-627  |d DE-21-110 
LOK |0 541   |e 11/486 
LOK |0 689   |a s  |a Sexuelle Gewalt 
LOK |0 689   |a s  |a Viktimisierung 
LOK |0 689   |a s  |a Kinder 
LOK |0 689   |a s  |a Jugendliche 
LOK |0 689   |a s  |a Kirche 
LOK |0 689   |a s  |a Institutionen 
LOK |0 689   |a s  |a Pädophilie 
LOK |0 689   |a s  |a Sexualmoral 
LOK |0 689   |a s  |a Machtausübung 
LOK |0 852   |a DE-21-110 
LOK |0 852 1  |c E XI 190  |m p  |9 00 
LOK |0 936ln  |a 9.5.3 
LOK |0 938   |a 1112 
LOK |0 938   |k p 
LOK |0 939   |a 06-12-11  |b l01 
ORI |a SA-MARC-krimdoka001.raw 
SIG |a IFK: E XI 190